[Event "49th Rilton Cup 2019-20"]
[Site "Stockholm"]
[Date "2019.12.29"]
[Round "3.13"]
[White "Tryggestad, Andreas Garberg"]
[Black "Nesterov, Arseniy"]
[Result "0-1"]
[WhiteElo "2381"]
[BlackElo "2482"]
[Annotator "TA"]
[PlyCount "100"]
[EventDate "2019.12.27"]
[EventType "swiss"]
[EventCountry "SWE"]
[SourceTitle "playchess.com"]
[Source "ChessBase"]
[SourceQuality "1"]

{[%evp 13,100,-6,7,-25,-22,-30,-29,-25,-6,-23,-36,-67,-21,-38,-37,-55,-54,-119,-116,-110,-116,-120,-123,-145,-130,-136,-134,-151,-134,-155,-133,-200,-167,-183,-137,-152,-103,-115,-88,-108,-114,-112,-114,-237,-245,-273,-273,-274,-265,-264,-264,-276,-254,-283,-283,-288,-288,-296,-292,-292,-281,-300,-281,-412,-389,-373,-370,-1364,-1246,-1000,-916,-904,-840,-8001,-8001,-5824,-4735,-1033,-4600,-7577,-5306,-1730,-1777,-1622,-1427,-1064,-952,-1423,-1006]} 1. d4 d5 2. c4 c6 3. Nf3 Nf6 4. Nc3 e6 5. Qd3 dxc4 6. Qxc4 b5 7. Qb3 a6 8. g3 {D43: Semi-Slav: 5 Bg5 h6} (8. Bg5 c5 9. Rd1 Nbd7 10. dxc5 Bxc5 11. e3 Qb6 12. Bd3 h6 13. Bh4 Bb7 14. O-O Be7 15. Qc2 Rc8 {½-½ (93) Sarana,A (2618)-Fakhrutdinov,T (2481) St Petersburg 2018}) 8... Bb7 9. Bg2 c5 10. dxc5 {Black has an edge.} Nbd7 11. c6 Bxc6 12. O-O Bc5 13. Bf4 $146 ({Predecessor:} 13. Nh4 Bxg2 14. Nxg2 Qb6 15. a4 b4 {1-0 (50) Fatalibekova,E (2213)-Svensson,L (2130) Vienna 2015}) 13... Qb6 14. Rad1 O-O 15. Qc2 (15. Ng5 $15 Qb7 16. Bxc6 Qxc6 17. Nf3) 15... Rac8 $17 16. a3 a5 17. Qb3 Ng4 {[%cal Rc5f2]} 18. e3 Qb7 19. h3 Ngf6 $1 (19... Bxf3 20. Rxd7 Qxd7 21. Bxf3 $15) 20. Ne1 Bxg2 21. Nxg2 h6 22. Bd6 (22. e4 $17) 22... Bxd6 $19 23. Rxd6 Ne5 24. Ne1 b4 25. axb4 Qxb4 (25... axb4 {with more complications.} 26. Rd4 Nc6 27. Rh4 g5 28. Rxh6 Na5) 26. Rb6 Qxb3 27. Rxb3 Rb8 28. Ra3 {[#]} (28. Rxb8 $17 Rxb8 29. Nc2) 28... Nc4 $1 {[%cal Rc4a3]} ({Less strong is} 28... Rxb2 29. Rxa5 Nfd7 30. Rb5 $15) 29. Ra4 {[#]} Nd2 $1 ({Weaker is} 29... Nxb2 30. Rxa5 Rfc8 31. Ne2 $15) 30. Rxa5 Nxf1 31. Kxf1 Rxb2 32. Nd3 Rd2 33. Nf4 Rc8 34. Ra2 Rxa2 ({Worse is} 34... Rxc3 35. Rxd2 g5 36. Ne2 $11) 35. Nxa2 {[%mdl 4096] Endgame KRN-KNN} Ne4 {And now ...Rc2 would win.} 36. Nb4 Rc4 37. Nbd3 Rc2 38. h4 (38. Ne2 {might work better.}) 38... Rd2 39. Ke1 g5 40. f3 $2 (40. hxg5 hxg5 41. Nc5 Nxc5 42. Kxd2 gxf4 43. exf4) 40... gxf4 {Black is clearly winning.} 41. Nxf4 Rf2 42. fxe4 {KR-KN} Rf3 43. Nh5 Rxe3+ {[%mdl 64] Double Attack} 44. Kf2 Ra3 45. Nf6+ Kg7 46. Ng4 h5 47. Ne5 Kf6 48. Nf3 Ke7 49. Ne5 Rc3 50. Kg2 Re3 {Accuracy: White = 45%, Black = 91%.} 0-1

[Event "49th Rilton Cup 2019-20"]
[Site "Stockholm"]
[Date "2019.12.29"]
[Round "3.14"]
[White "Pavlovic, Milos"]
[Black "Mikalsen, Erlend"]
[Result "0-1"]
[WhiteElo "2480"]
[BlackElo "2361"]
[Annotator "ChessBase"]
[PlyCount "61"]
[EventDate "2019.12.27"]
[EventType "swiss"]
[EventCountry "SWE"]
[SourceTitle "playchess.com"]
[Source "ChessBase"]
[SourceQuality "1"]
[TimeControl "40/5400+30:1800+30"]

1. c4 {[%emt 0:00:00]} e5 {[%emt 0:00:00]} 2. d3 {[%emt 0:01:00]} Nf6 {[%emt 0:00:00]} 3. Nf3 {[%emt 0:02:07]} Nc6 {[%emt 0:00:00]} 4. g3 {[%emt 0:00:29]} d5 {[%emt 0:02:47]} 5. cxd5 {[%emt 0:00:05]} Nxd5 {[%emt 0:00:14]} 6. Bg2 {[%emt 0:00:05]} Bc5 {[%emt 0:10:33]} 7. O-O {[%emt 0:00:33]} O-O {[%emt 0:01:04]} 8. Qc2 {[%emt 0:31:20]} Bb6 {[%emt 0:01:07]} 9. Nc3 {[%emt 0:00:11]} Bg4 10. Bg5 Nde7 {[%emt 0:26:37]} 11. Qa4 {[%emt 0:39:40]} Bd7 {[%emt 0:07:15]} 12. Rfc1 {[%emt 0:04:43]} h6 {[%emt 0:02:17]} 13. Bxe7 {[%emt 0:04:32]} Qxe7 {[%emt 0:01:03]} 14. Qh4 {[%emt 0:00:08]} Qe6 {[%emt 0:03:12]} 15. e3 {[%emt 0:05:36]} Ne7 {[%emt 0:05:01]} 16. Qh5 {[%emt 0:01:59]} Bc6 {[%emt 0:05:32]} 17. Ne4 {[%emt 0:02:35]} f5 {[%emt 0:00:54]} 18. Nc5 {[%emt 0:00:30]} Qd6 {[%emt 0:02:31]} 19. d4 {[%emt 0:00:10]} exd4 {[%emt 0:00:36]} 20. exd4 {[%emt 0:00:22]} f4 {[%emt 0:05:30]} 21. g4 {[%emt 0:03:04]} Bxf3 {[%emt 0:01:57]} 22. Bxf3 {[%emt 0:00:01]} Qxd4 {[%emt 0:00:10]} 23. Ne4 {[%emt 0:01:38]} Nc6 {[%emt 0:03:31]} 24. Rd1 {[%emt 0:00:41]} Qxb2 {[%emt 0:00:25]} 25. g5 {[%emt 0:00:20]} Qe5 {[%emt 0:08:24]} 26. Rac1 {[%emt 0:00:24]} Rad8 {[%emt 0:04:36]} 27. Rxd8 {[%emt 0:00:36]} Nxd8 {[%emt 0:00:16]} 28. Rd1 {[%emt 0:00:18]} c6 {[%emt 0:05:05]} 29. h4 {[%emt 0:00:35]} Ne6 {[%emt 0:01:02]} 30. Rd7 {[%emt 0:00:29]} Nc5 {[%emt 0:00:30]} 31. Nxc5 {[%emt 0:00:00]} 0-1

[Event "49th Rilton Cup 2019-20"]
[Site "Stockholm"]
[Date "2019.12.29"]
[Round "3.15"]
[White "Gagare, Shardul"]
[Black "Tsyhanchuk, Stanislav"]
[Result "1-0"]
[WhiteElo "2468"]
[BlackElo "2357"]
[Annotator "TA"]
[PlyCount "65"]
[EventDate "2019.12.27"]
[EventType "swiss"]
[EventCountry "SWE"]
[SourceTitle "playchess.com"]
[Source "ChessBase"]
[SourceQuality "1"]

{[%evp 18,67,29,26,25,20,27,20,33,0,0,0,2,10,7,-17,35,4,18,4,5,0,77,81,91,81,126,101,116,125,332,375,362,371,348,218,222,218,343,341,331,319,742,705,29986,29987,29988,29989,29989,29989,29990,29990]} 1. e4 Nf6 2. e5 Nd5 3. d4 d6 4. Nf3 dxe5 5. Nxe5 c6 6. Be2 Nd7 7. Nf3 g6 8. O-O Bg7 9. c4 Nc7 10. Nc3 O-O {B04: Alekhine's Defence: 4 Nf3} 11. Bf4 c5 (11... Nf6 12. h3 Bf5 13. Be5 Ne4 14. Bxg7 Kxg7 15. Re1 Nf6 16. Qd2 Qd6 17. Rad1 Rad8 18. Qe3 {1-0 (33) Eljanov,P (2734)-Kasimdzhanov,R (2676) Douglas 2017}) 12. dxc5 Ne6 {The position is equal.} 13. Be3 Bxc3 $1 14. bxc3 Ndxc5 15. Nd4 $36 {[%mdl 2048] White is more active.} Bd7 16. f4 Ne4 {[#]} ({Better is} 16... Ng7 $11) 17. Qe1 $146 ({Predecessor:} 17. Bf3 N6c5 18. Nb3 {0-1 (35) Watson,W (2525)-Baburin,A (2515) Kilkenny 1994}) 17... f5 18. Nf3 Qa5 19. Rc1 Qxa2 (19... Bc6 $11) 20. Ne5 $16 Bc6 {[#]} 21. c5 $1 {[%mdl 512] Bc4 is the strong threat.} Bd5 (21... N4xc5 22. Bxc5) 22. Rd1 $1 {[%cal Rd1d5]} Rf6 (22... N6xc5 $2 23. Rxd5 $1 {[%mdl 512]} Qxd5 24. Bc4 $18) 23. g4 {Black must now prevent g5.} fxg4 $2 {[#]} ({Don't go for} 23... N6xc5 $2 24. Rxd5 $1 {[%mdl 512]} Qxd5 25. Bc4 $18) (23... b5 $16) 24. Rxd5 $1 $18 {[%mdl 512]} Qxd5 25. Bc4 Qd8 26. Bd4 N4xc5 27. Bxc5 ({Don't play} 27. Nxg4 $6 Kg7) 27... Kg7 (27... Rc8 {was necessary.}) 28. Bxe6 Rxe6 29. f5 gxf5 $2 (29... Qd5 30. Bd4 (30. fxe6 Qxc5+ 31. Rf2 Rf8 $14) 30... Rxe5) 30. Rxf5 h6 31. Rf7+ {White mates.} Kg8 {[#]} 32. Qe4 $1 {[%csl Gf7][%cal Re4h7][%mdl 512]} Qd1+ {[#]} 33. Kf2 {Played: Kg1-g2} 1-0

[Event "49th Rilton Cup 2019-20"]
[Site "Stockholm"]
[Date "2019.12.29"]
[Round "3.16"]
[White "Keinanen, Toivo"]
[Black "Hobber, Anders"]
[Result "1/2-1/2"]
[WhiteElo "2447"]
[BlackElo "2357"]
[Annotator "NA"]
[PlyCount "61"]
[EventDate "2019.12.27"]
[EventType "swiss"]
[EventCountry "SWE"]
[SourceTitle "playchess.com"]
[Source "ChessBase"]
[SourceQuality "1"]
[TimeControl "40/5400+30:1800+30"]

1. d4 {[%emt 0:00:00]} d5 {[%emt 0:00:04]} 2. c4 {[%emt 0:00:00]} c6 {[%emt 0:00:09]} 3. cxd5 {[%emt 0:00:00]} cxd5 {[%emt 0:00:07]} 4. Bg5 {[%emt 0:00:00]} h6 {[%emt 0:07:50]} 5. Bh4 {[%emt 0:00:30]} Qb6 {[%emt 0:02:27]} 6. Nc3 {[%emt 0:00:03]} e6 {[%emt 0:02:40]} 7. Qd2 {[%emt 0:00:15]} Be7 {[%emt 0:06:02]} 8. Bxe7 {[%emt 0:00:35]} Nxe7 {[%emt 0:00:09]} 9. e3 {[%emt 0:00:04]} O-O {[%emt 0:01:50]} 10. Bd3 {[%emt 0:01:34]} Nbc6 {[%emt 0:02:15]} 11. f4 {[%emt 0:00:41]} f6 {[%emt 0:07:26]} 12. Nf3 {[%emt 0:15:18]} e5 {[%emt 0:02:12]} 13. fxe5 {[%emt 0:15:27]} fxe5 {[%emt 0:00:57]} 14. Nxe5 {[%emt 0:00:36]} Nxe5 {[%emt 0:01:17]} 15. dxe5 {[%emt 0:00:02]} Be6 {[%emt 0:09:31]} 16. O-O-O {[%emt 0:01:43]} Nc6 {[%emt 0:03:03]} 17. Bc2 {[%emt 0:08:56]} Rad8 {[%emt 0:14:33]} 18. Bb3 {[%emt 0:25:27]} Kh8 {[%emt 0:08:13]} 19. Rhf1 {[%emt 0:07:12]} Rxf1 {[%emt 0:03:01]} 20. Rxf1 {[%emt 0:00:49]} d4 {[%emt 0:18:06]} 21. Bxe6 {[%emt 0:04:43]} dxe3 {[%emt 0:00:01]} 22. Qc2 {[%emt 0:10:44]} Nd4 {[%emt 0:00:40]} 23. Qe4 {[%emt 0:00:15]} Nxe6 {[%emt 0:01:01]} 24. Rd1 {[%emt 0:00:30]} Rd2 {[%emt 0:03:32]} 25. Rxd2 {[%emt 0:01:40]} exd2+ {[%emt 0:00:01]} 26. Kxd2 {[%emt 0:01:00]} Qxb2+ {[%emt 0:00:12]} 27. Qc2 {[%emt 0:00:01]} Qb4 {[%emt 0:00:30]} 28. Qe4 {[%emt 0:00:53]} Qb2+ {[%emt 0:00:27]} 29. Qc2 {[%emt 0:00:01]} Qb4 {[%emt 0:00:14]} 30. Qe4 {[%emt 0:00:01]} Qb2+ {[%emt 0:00:09]} 31. Qc2 {[%emt 0:00:01]} 1/2-1/2

[Event "49th Rilton Cup 2019-20"]
[Site "Stockholm"]
[Date "2019.12.29"]
[Round "3.17"]
[White "Sidhant, Mohapatra"]
[Black "Seo, Jung Min"]
[Result "1-0"]
[WhiteElo "2338"]
[BlackElo "2444"]
[Annotator "TA"]
[PlyCount "101"]
[EventDate "2019.12.27"]
[EventType "swiss"]
[EventCountry "SWE"]
[SourceTitle "playchess.com"]
[Source "ChessBase"]
[SourceQuality "1"]

{[%evp 14,101,32,34,34,16,39,15,15,3,25,0,12,1,11,-15,25,0,10,8,20,3,51,6,27,14,12,0,0,0,0,0,0,-37,0,0,0,0,0,0,0,0,32,-104,74,53,79,54,108,95,102,77,101,96,114,106,112,111,109,135,135,119,100,77,147,174,296,241,386,377,370,350,348,347,741,714,769,769,749,722,1473,1242,1236,1297,3308,2435,12836,12072,5924,5808]} 1. Nf3 d5 2. g3 Nf6 3. Bg2 c6 4. c4 g6 5. b3 Bg7 6. Bb2 O-O 7. O-O Bg4 8. d4 Nbd7 {D78: Fianchetto Grünfeld: 6 0-0 c6} 9. Nc3 Rc8 (9... Qa5 10. Rc1 Bxf3 11. Bxf3 e6 12. e3 Rfc8 13. Qe2 a6 14. Rfd1 b5 15. e4 bxc4 16. bxc4 {1-0 (54) Le,Q (2715)-Melkumyan,H (2660) chess.com INT 2018}) 10. h3 Bxf3 {The position is equal.} 11. Bxf3 {[%cal Rc4d5]} e6 $146 ({Predecessor:} 11... e5 12. e3 dxc4 13. bxc4 exd4 14. exd4 Qb6 15. Rb1 Rfd8 16. Na4 {1-0 (34) Chigaev,M (2565)-Safarian,A (2144) Sochi 2018}) 12. Re1 Re8 13. Bg2 Qa5 14. a3 Qc7 15. Qd3 Rcd8 16. Qc2 Qb8 17. Rad1 Rc8 18. e4 dxe4 19. Nxe4 Nxe4 20. Qxe4 b5 21. Bc1 bxc4 22. bxc4 Qb3 23. Qe2 Nb6 24. c5 Nd5 25. Qa6 Rc7 26. Rd3 Qb7 27. Qa4 Rd7 28. Bf4 (28. Rb3 $14 {keeps the upper hand.} Qa8 29. Bf4) 28... Red8 $2 (28... Nxf4 $17 {keeps the pressure on.} 29. gxf4 (29. Bxc6 Qb2 $17) 29... Rc8) 29. Rb3 $36 {[%mdl 2048] White fights for an advantage.} Qa8 $1 30. Bd6 {[#] And now Bxd5 would win.} Bf8 ({Black should try} 30... Rb7 $14) 31. Bxd5 $16 exd5 32. Bxf8 Rxf8 33. Qa6 Qc8 34. Qxc8 Rxc8 {[%mdl 4096] Endgame KRR-KRR} 35. a4 {[%cal Ba3a4,Ba4a5,Ba5a6][%mdl 32]} Rcc7 36. Rb8+ Kg7 37. a5 Rb7 38. Rc8 Rbc7 ({Better is} 38... Rb4) 39. Ree8 Kf6 (39... Rxc8 {was necessary.} 40. Rxc8 Rb7) 40. a6 $18 h5 (40... Kg7 $142 41. f4 f6) 41. Kg2 Kf5 {intending ...Rxc8.} 42. Kf3 Kf6 43. Kf4 Re7 $2 {[#]} (43... g5+ 44. Kf3 Kg6) 44. Rxe7 {White is clearly winning.} Rxc8 45. Rxa7 {KR-KR} Re8 46. Rc7 Re4+ 47. Kf3 Rxd4 48. Rxc6+ Ke5 49. Rc8 Ra4 50. Re8+ Kd4 51. c6 {Accuracy: White = 51%, Black = 20%.} 1-0

[Event "49th Rilton Cup 2019-20"]
[Site "Stockholm"]
[Date "2019.12.29"]
[Round "3.18"]
[White "Akash Pc, Iyer"]
[Black "Serarols Mabras, Bernat"]
[Result "0-1"]
[WhiteElo "2415"]
[BlackElo "2356"]
[Annotator "TA"]
[PlyCount "68"]
[EventDate "2019.12.27"]
[EventType "swiss"]
[EventCountry "SWE"]
[SourceTitle "playchess.com"]
[Source "ChessBase"]
[SourceQuality "1"]

{[%evp 15,68,14,14,6,19,12,18,0,0,0,0,0,0,-24,-28,-24,-22,-31,-20,-52,-50,-48,-47,-58,-48,-72,-71,-54,-66,-61,-38,-53,-35,-37,-19,-48,-41,-33,-46,-211,-107,-247,-251,-259,-262,-311,-300,-396,-389,-410,-409,-408,-413,-885,-874]} 1. d4 d5 2. c4 e6 3. Nc3 Bb4 4. Nf3 Nf6 5. Bg5 Nbd7 6. cxd5 exd5 7. Nd2 c6 8. e3 O-O 9. Bd3 {D38: Queen's Gambit Declined: Ragozin Defence (4 Nf3 Bb4)} Re8 10. O-O Nf8 11. Rc1 {The position is equal.} Ng6 12. a3 $146 ({Predecessor:} 12. Qc2 h6 13. Bxf6 Qxf6 14. Rfe1 Nh4 15. g3 {1-0 (34) Banikas,H (2626)-Moutousis,K (2431) Achaea 2012}) 12... Bd6 13. Qf3 Be7 14. h3 h6 15. Bxf6 Bxf6 16. Bxg6 fxg6 17. Qg3 g5 18. Rfd1 Bf5 19. Nf3 Qe7 20. Na4 h5 21. Nc5 g4 22. hxg4 hxg4 23. Ne5 $1 {[%cal Re5g4]} Bxe5 (23... Bh4 $5 {[%cal Rh4g3]} 24. Qf4 Rf8 $11) 24. dxe5 Rab8 25. Rd4 Qxe5 26. Qxe5 Rxe5 27. g3 $2 {[#]} (27. Kh2 $15) 27... Re7 (27... b6 $19 28. Na6 Rf8) 28. Ra4 (28. b4 $17 {keeps fighting.}) 28... b6 $19 29. Na6 Rc8 30. Nb4 Be4 31. Na2 Bf3 32. Kf1 c5 33. Nc3 {[#]} d4 $1 {[%mdl 512]} 34. exd4 (34. Nd1 $142 Bc6 35. Rac4) 34... Rc6 {[%mdl 64] Decoy. Accuracy: White = 23%, Black = 86%.} 0-1

[Event "49th Rilton Cup 2019-20"]
[Site "Stockholm"]
[Date "2019.12.29"]
[Round "3.19"]
[White "Bellon Lopez, Juan Manuel"]
[Black "Leenhouts, Koen"]
[Result "1-0"]
[WhiteElo "2353"]
[BlackElo "2415"]
[Annotator "TA"]
[PlyCount "103"]
[EventDate "2019.12.27"]
[EventType "swiss"]
[EventCountry "SWE"]
[SourceTitle "playchess.com"]
[Source "ChessBase"]
[SourceQuality "1"]

{[%evp 21,103,11,8,0,30,14,35,0,4,0,5,5,5,-10,0,4,0,0,0,0,31,28,25,25,37,19,38,20,30,17,10,10,13,6,14,2,1,3,10,10,9,2,44,40,41,24,50,51,54,57,73,79,197,197,182,82,177,166,420,398,985,936,928,896,29963,29962,1617,833,1038,722,734,720,689,664,1343,1330,1233,1315,1341,1338,1245,1209,1076,1062]} 1. d4 Nf6 2. Bf4 g6 3. e3 Bg7 4. Nf3 O-O 5. h3 d6 6. Be2 Nbd7 7. O-O b6 8. a4 a6 9. c3 c5 10. Nbd2 Bb7 11. Bh2 Rc8 12. Re1 {A48: 1 d4 Nf6 2 Nf3 g6: Torre, London and Colle Systems} Qc7 (12... Rc7 13. Bd3 cxd4 14. exd4 Nd5 15. Qb3 a5 16. Rad1 N7f6 17. Nc4 Bc6 18. Na3 Qc8 19. Bf1 Bh6 {½-½ (54) Moiseenko,V (2491)-Manolache,M (2518) Alba Iulia 2018}) 13. Qb3 Qb8 14. c4 $146 {White is slightly better.} ({Predecessor:} 14. Bd3 Qa8 15. Qa3 Rfe8 16. e4 {½-½ (16) Simet,M (2182)-Ludvik,T (2048) Pardubice 2018}) 14... cxd4 15. exd4 Rfe8 16. a5 bxa5 17. Rxa5 Bxf3 18. Qxb8 Rxb8 19. Nxf3 Rxb2 20. Rxa6 Ne4 21. Bf4 e5 22. Bc1 Rbb8 23. Ra7 Nef6 24. dxe5 Nxe5 25. Be3 Nc6 26. Rc7 Nb4 {next ...Nc2 is good for Black.} 27. Rb1 Ne4 {Threatening ...Nc3.} 28. Bf1 {Black must now prevent Ba7.} Na6 29. Rxb8 Rxb8 30. Ra7 Nac5 31. Nd4 Re8 (31... Bxd4 $5 32. Bxd4 Ne6 $14) 32. Nb5 $36 {[%mdl 2048] White has some pressure.} Be5 33. f4 (33. g4 {seems wilder.} Ne6 34. Bg2 f5 35. h4 Nf6 36. g5) 33... Bg7 {[#]} 34. Nxd6 $1 {[%mdl 576] Remove Defender} Nxd6 35. Bxc5 Rc8 36. Be3 h5 (36... Kf8 $16) 37. c5 $18 Nf5 38. Bf2 (38. Ba6 $18 {is the precise move to win.} Re8 39. Bf2) 38... Nd4 (38... Bd4 $16) 39. Bc4 Rxc5 $2 (39... Ne6 40. Re7 Nxc5 41. Rxf7 Kh8) 40. Bxf7+ {[%mdl 64] Double Attack} Kh7 $2 {[#]} (40... Kh8 41. Bxg6 Rc8 42. Bxh5 Rc1+ 43. Kh2 Rf1) 41. Bxg6+ $1 {[%mdl 512]} Kh6 (41... Kxg6 42. Rxg7+) 42. Be4 h4 43. Ra6+ Kh5 44. Bg6+ {White is clearly winning.} Kh6 45. Bc2+ Rc6 46. Rxc6+ Nxc6 47. Bxh4 {Threatening mate with Bg5+. KBB-KBN} Bd4+ 48. Bf2 Bc3 49. Be3 Nd4 50. Bd3 Kg7 51. g4 Ne6 52. Kf2 {Accuracy: White = 61%, Black = 26%.} 1-0

[Event "49th Rilton Cup 2019-20"]
[Site "Stockholm"]
[Date "2019.12.29"]
[Round "3.20"]
[White "Dhulipalla Bala Chandra Prasad"]
[Black "Acikel, Mert"]
[Result "1-0"]
[WhiteElo "2414"]
[BlackElo "2094"]
[Annotator "TA"]
[PlyCount "37"]
[EventDate "2019.12.27"]
[EventType "swiss"]
[EventCountry "SWE"]
[SourceTitle "playchess.com"]
[Source "ChessBase"]
[SourceQuality "1"]

{[%evp 20,55,0,0,16,19,45,33,87,70,164,187,172,170,181,163,175,0,134,0,154,132,128,122,106,106,644,632,633,622,610,572,707,692,1202,1199,1421,1422]} 1. Nf3 Nf6 2. c4 e6 3. g3 d5 4. Bg2 Be7 5. O-O O-O 6. b3 b6 7. Bb2 Bb7 8. e3 c5 9. Nc3 dxc4 10. bxc4 Nc6 11. Qe2 Qd7 {A14: English Opening: 1...e6 with b3 by White} (11... Rc8 12. Rfd1 Qc7 13. Ne1 Rfd8 14. f4 a6 15. g4 Ne8 16. Rab1 Nd6 17. Ba1 Na5 18. d3 Bc6 19. Qb2 Bf6 20. g5 Bxc3 21. Qxc3 {1-0 (52) Mamedov,R (2703)-Kovalev,V (2683) St Petersburg 2018}) 12. Rfd1 Rfd8 13. d4 Qe8 $146 (13... cxd4 $14 14. exd4 Qe8) ({Predecessor:} 13... cxd4 14. exd4 Na5 15. d5 Qc8 16. Rd4 Ba6 17. Ne5 Bc5 18. Rh4 Bd6 19. Ne4 Bxe5 20. Bxe5 Nd7 21. Bxg7 Kxg7 22. Qg4+ {1-0 (22) Rukavina,J (2426)-Paci,C (2266) Pula 2005}) 14. Nb5 $16 Qf8 (14... cxd4 $14 15. exd4 (15. Nc7 Qd7 $14) 15... Rab8) 15. Ne5 $18 Na5 16. Bxb7 {[%mdl 64] [#] Overworked Piece} Nxb7 17. Nc6 Rd7 18. Ne5 Rdd8 19. Qf3 {Played: Ne5-c6} 1-0

[Event "49th Rilton Cup 2019-20"]
[Site "Stockholm"]
[Date "2019.12.29"]
[Round "3.21"]
[White "Pantzar, Milton"]
[Black "Vitenberg, Noam Aviv"]
[Result "1-0"]
[WhiteElo "2410"]
[BlackElo "2230"]
[Annotator "NA"]
[PlyCount "71"]
[EventDate "2019.12.27"]
[EventType "swiss"]
[EventCountry "SWE"]
[SourceTitle "playchess.com"]
[Source "ChessBase"]
[SourceQuality "1"]
[TimeControl "40/5400+30:1800+30"]

1. d4 {[%emt 0:00:00]} g6 {[%emt 0:00:00]} 2. c4 {[%emt 0:00:35]} Bg7 {[%emt 0:00:00]} 3. e4 {[%emt 0:00:54]} Nc6 {[%emt 0:00:18]} 4. Be3 {[%emt 0:08:36]} e5 {[%emt 0:01:28]} 5. Ne2 {[%emt 0:05:44]} exd4 {[%emt 0:01:27]} 6. Nxd4 {[%emt 0:00:05]} Qf6 {[%emt 0:00:27]} 7. Nxc6 {[%emt 0:01:35]} dxc6 {[%emt 0:00:26]} 8. Nc3 {[%emt 0:00:28]} Qe7 {[%emt 0:00:35]} 9. Qc2 {[%emt 0:08:36]} Nf6 {[%emt 0:02:06]} 10. f3 {[%emt 0:02:35]} O-O {[%emt 0:03:01]} 11. Be2 {[%emt 0:02:55]} Nh5 {[%emt 0:08:17]} 12. g4 {[%emt 0:03:03]} Nf6 {[%emt 0:09:05]} 13. O-O-O {[%emt 0:05:15]} Be6 {[%emt 0:03:08]} 14. e5 {[%emt 0:09:17]} Nd7 {[%emt 0:19:25]} 15. f4 {[%emt 0:00:09]} Nb6 {[%emt 0:13:29]} 16. Ne4 {[%emt 0:12:39]} Rfe8 {[%emt 0:02:34]} 17. h4 {[%emt 0:12:11]} f6 {[%emt 0:10:49]} 18. h5 {[%emt 0:04:23]} Bf7 {[%emt 0:03:16]} 19. hxg6 {[%emt 0:05:14]} Bxg6 {[%emt 0:02:33]} 20. Bd3 {[%emt 0:00:53]} Nd7 {[%emt 0:07:39]} 21. e6 {[%emt 0:03:47]} Bxe4 {[%emt 0:01:48]} 22. Bxe4 {[%emt 0:07:00]} Qxe6 {[%emt 0:00:28]} 23. Bxh7+ {[%emt 0:00:04]} Kf8 {[%emt 0:00:15]} 24. Bf2 {[%emt 0:01:55]} Qxg4 {[%emt 0:02:25]} 25. Rh4 {[%emt 0:00:56]} Qf3 {[%emt 0:04:22]} 26. Rxd7 {[%emt 0:00:20]} Re2 {[%emt 0:00:10]} 27. Bc5+ {[%emt 0:00:49]} Ke8 {[%emt 0:00:23]} 28. Qd1 {[%emt 0:01:00]} Qg2 {[%emt 0:01:36]} 29. Bg6+ {[%emt 0:01:07]} Qxg6 {[%emt 0:00:51]} 30. Qxe2+ {[%emt 0:00:05]} Kxd7 {[%emt 0:00:40]} 31. Qe7+ {[%emt 0:00:04]} Kc8 {[%emt 0:00:08]} 32. Qe6+ {[%emt 0:00:05]} Kd8 {[%emt 0:00:24]} 33. Be7+ {[%emt 0:00:05]} Ke8 {[%emt 0:00:19]} 34. Bd6+ {[%emt 0:00:06]} Kd8 {[%emt 0:00:12]} 35. Qe7+ {[%emt 0:00:03]} Kc8 {[%emt 0:00:11]} 36. Qxc7# {[%emt 0:00:05]} 1-0

[Event "49th Rilton Cup 2019-20"]
[Site "Stockholm"]
[Date "2019.12.29"]
[Round "3.22"]
[White "Valsecchi, Alessio"]
[Black "Wartiovaara, Oliver"]
[Result "1-0"]
[WhiteElo "2503"]
[BlackElo "2185"]
[Annotator "ChessBase"]
[PlyCount "53"]
[EventDate "2019.12.27"]
[EventType "swiss"]
[EventCountry "SWE"]
[SourceTitle "playchess.com"]
[Source "ChessBase"]
[SourceQuality "1"]
[TimeControl "40/5400+30:1800+30"]

1. c4 {[%emt 0:00:00]} Nf6 {[%emt 0:00:13]} 2. Nf3 {[%emt 0:01:07]} g6 {[%emt 0:00:08]} 3. Nc3 {[%emt 0:00:27]} Bg7 {[%emt 0:00:06]} 4. e4 {[%emt 0:00:14]} e5 {[%emt 0:00:04]} 5. Be2 {[%emt 0:08:06]} O-O {[%emt 0:00:56]} 6. O-O {[%emt 0:03:52]} Nc6 {[%emt 0:02:47]} 7. d3 {[%emt 0:01:38]} d6 {[%emt 0:00:31]} 8. Rb1 {[%emt 0:00:23]} Ne8 {[%emt 0:18:36]} 9. b4 {[%emt 0:01:45]} f5 {[%emt 0:01:50]} 10. Nd5 {[%emt 0:08:47]} Nf6 {[%emt 0:06:38]} 11. b5 {[%emt 0:01:58]} Nd4 {[%emt 0:17:39]} 12. Nxd4 {[%emt 0:02:13]} Nxd5 {[%emt 0:00:41]} 13. cxd5 {[%emt 0:14:55]} exd4 {[%emt 0:00:13]} 14. a4 {[%emt 0:00:47]} Qe7 {[%emt 0:11:20]} 15. Qc2 {[%emt 0:01:14]} f4 {[%emt 0:02:07]} 16. f3 {[%emt 0:01:39]} Be5 {[%emt 0:02:30]} 17. Rb4 {[%emt 0:00:56]} a5 {[%emt 0:03:08]} 18. Rc4 {[%emt 0:00:10]} Rf7 {[%emt 0:06:56]} 19. Bb2 {[%emt 0:06:45]} b6 {[%emt 0:03:00]} 20. Bxd4 {[%emt 0:00:59]} Bxd4+ {[%emt 0:00:13]} 21. Rxd4 {[%emt 0:00:08]} Ra7 {[%emt 0:00:50]} 22. Rc4 {[%emt 0:00:12]} g5 {[%emt 0:01:38]} 23. d4 {[%emt 0:05:40]} h5 {[%emt 0:01:10]} 24. e5 {[%emt 0:04:08]} Bf5 {[%emt 0:05:23]} 25. Bd3 {[%emt 0:01:40]} Bxd3 {[%emt 0:00:15]} 26. Qxd3 {[%emt 0:00:08]} dxe5 {[%emt 0:00:23]} 27. Re1 {[%emt 0:00:34]} 1-0